Apoyo a la acción alfabetizadora en América Latina /

Guardado en:
Detalles Bibliográficos
Autor corporativo: Taller de Alfabetización ( Montevideo, Uruguay)
Otros autores: Picón Espinoza, César (edición) (edición)
Formato: Procedimiento de la conferencia Libro
Idioma:Español
Publicado: Santiago, Chile : Consejo de Educación de Adultos de América Latina, 1986
Temas:
Etiquetas: Agrega una etiqueta
Sin etiquetas, Sé el primero en etiquetar este registro!

MARC

LEADER 00000nam^a2200000^a^4500
001 000397481
005 20250526000000.0
009 20260526143425.116
037 |a Acervo ITESO - Biblioteca 
041 |a ESP 
082 |a 361. 80980  |b ALF 1986 
111 |a Taller de Alfabetización (  |d 1986 :  |c Montevideo, Uruguay) 
245 1 0 |a Apoyo a la acción alfabetizadora en América Latina /  |c Ed. de C. Picón Espinoza. 
264 1 |a Santiago, Chile :  |b Consejo de Educación de Adultos de América Latina,  |c 1986 
300 |a 32 p. ;  |c 18.5 cm. 
336 |a texto  |b txt  |2 rdacontenido 
337 |a sin mediación  |b n  |2 rdamedio 
338 |a volumen  |b nc  |2 rdasoporte 
649 |a XX 
650 |a Alfabetización -  |z Latinoamérica -  |x Tema Principal 
650 |a Educación de Adultos -  |z Latinoamérica 
650 |a Educación y Promoción Popular -  |z Latinoamérica -  |x Tema Principal 
700 |a Picón Espinoza, César  |e (edición) 
910 |a Fondo Carlos Núñez Hurtado 
920 |a Impresos - Libros 
930 |a Libros Antiguos y Raros 
905 |a 108 
901 |a 0500292872  |b IT2  |c LRA  |i D79971  |u 20250526 
902 |a https://opac.biblio.iteso.mx/vufind/Record/000397481